Riešenie vybraných manipulačno ? dopravných úloh v automatizovanom výrobnom systéme (Solving of selected operational and transporting task in au-tomatised production) [CD-ROM] : Diplomová práca
Gespeichert in:
| 1. Verfasser: | |
|---|---|
| Weitere Verfasser: | , |
| Format: | Manuskript Buch |
| Sprache: | Slowakisch |
| Veröffentlicht: |
Bratislava :
STU v Bratislave SjF,
2008
|
| Ausgabe: | 1.vyd. |
| Schlagworte: | |
| Tags: |
Keine Tags, Fügen Sie das erste Tag hinzu!
|
MARC
| LEADER | 00000ntm a22000003a 4500 | ||
|---|---|---|---|
| 001 | stu176105 | ||
| 005 | 20150617225609.8 | ||
| 008 | 081124s2008----xo------------------slo-d | ||
| 040 | |a STU |b slo | ||
| 041 | 0 | |a slo | |
| 044 | |a xo | ||
| 100 | 1 | |a Vacek, Martin, |d 1984- |4 aut |u J0070 |9 100 |U SjF Strojnícka fakulta |T SjF Ústav výrobných systémov, enviromentálnej techniky a manažment kvality |X 14322 |U J0070 |Y 804 |7 A000014322 | |
| 245 | 1 | |a Riešenie vybraných manipulačno ? dopravných úloh v automatizovanom výrobnom systéme (Solving of selected operational and transporting task in au-tomatised production) [CD-ROM] : |b Diplomová práca | |
| 250 | |a 1.vyd. | ||
| 260 | |a Bratislava : |b STU v Bratislave SjF, |c 2008 | ||
| 300 | |a 111 s | ||
| 650 | 7 | |a Manipulácia |2 stusub | |
| 650 | 7 | |a paletizácia |2 stusub | |
| 650 | 7 | |a doprava |2 stusub | |
| 650 | 7 | |a manipulation |2 estusub | |
| 650 | 7 | |a palletization |2 estusub | |
| 650 | 7 | |a transport |2 estusub | |
| 700 | 1 | |a Tolnay, Marián, |d 1946- |4 xxx |u J0070 |U SjF Strojnícka fakulta |T SjF Ústav výrobných systémov, enviromentálnej techniky a manažment kvality |X 2403 |U J0070 |Y 804 |7 A000002403 | |
| 700 | 1 | |a Hajduk, Mikuláš |4 opn | |
| 996 | |b 284J035044 |c J*44/DP |l JJSK |s A |a 24 |w stu176105_0001 | ||